Estadísticas para Liga Profesional de Futbol Argentina 2024

Haz click aquí para intentar la prueba.

Estadísticas generales

  • Esta prueba ha sido intentada 167 veces
  • La puntuación promedio es 24 de 28

Estadísticas de respuestas

#Equipos% Correcto
21River Plate
100%
6Boca Juniors
98%
14Independiente
98%
19Racing Club
96%
9Estudiantes
94%
22Rosario Central
93%
23San Lorenzo
91%
5Belgrano
90%
17Newells Old Boys
90%
10Gimnasia y Esgrima
89%
25Talleres
89%
1Argentinos Juniors
88%
28Velez
88%
16Lanus
87%
3Banfield
86%
12Huracan
83%
20Riestra
82%
4Barracas Central
79%
15Instituto
79%
27Union
79%
11Godoy Cruz
76%
18Platense
75%
8Defensa y Justicia
74%
7Central Cordoba
73%
2Atletico Tucuman
71%
13Independiente Rivadavia
71%
24Sarmiento
71%
26Tigre
68%

Distribución de puntuación

Porcentaje por número respondido

Porcentaje de gente con cada puntuación

Historial de tus puntuaciones

No has intentado esta prueba.